000
00335nam a2200133Ia 4500
008
240624s9999 xx 000 0 und d
041
_a
eng
082
_a
658.827 ART
100
_a
ARTHUR IVAN
245
_a
BRANDS UNDER FIRE
260
_c
2008
_a
New Delhi
_b
Penguin Portfolio
300
_a
xiv, : 214 : p. : cm. ; 22
365
_c
RS
_b
20
999
_c
12671
_d
12671